Telugu heroines by movie name - Statistics

General Stats
  • This quiz has been taken 231 times
  • The average score is 7 of 10
Answer Stats
Hint Answer % Correct
Pushpa 1 Rashmika
98%
Fidaa Sai Pallavi
95%
Ala Vaikuntapuramulo Pooja Hegde
83%
Dhamaka Sreeleela
78%
Mahanati Keerthy Suresh
73%
Bahubali Anushka Shetty
72%
Race Gurram Shruthi Hassan
63%
Arya 2 Kajal Aggarwal
56%
Oosaravelli Tammannah Bhatia
41%
Aha Naa Pellanta Rajani Praveen
9%
No matching quizzes found
Score Distribution
Percent of People with Each Score
Percentile by Number Answered
Your Score History
You have not taken this quiz